Trávníky kolem nás

Hlavní autor: Ondřej, Jan, 1936-1998
Jazyk: Čeština
Vydáno: Praha : Futura :Victory, 1993
Vydání: 1. vyd.
Témata:
Externí odkaz: Digitalizovaný dokument
Fyzický popis: 130 s., 30 barev. fotogr. na příl. : obr., tab.
Knihy
Uloženo v:
LEADER 01080nam a2200301 a 4500
001 000012432
003 CZ BrMZK
005 20240529102137.0
007 ta
008 940321s1993 xr f cze d
015 |a cnb000101687 
020 |a 80-85523-08-6  |c 59.00 
040 |a BOA001  |b cze 
080 |a 635.928  |2 MRF 
100 1 |a Ondřej, Jan,  |d 1936-1998  |7 jn20010309623 
245 1 0 |a Trávníky kolem nás 
250 |a 1. vyd. 
260 |a Praha :  |b Futura :  |b Victory,  |c 1993 
300 |a 130 s., 30 barev. fotogr. na příl. :  |b obr., tab. 
504 |a Obsahuje bibliografii 
653 0 |a trávníky 
856 4 1 |u http://www.digitalniknihovna.cz/mzk/uuid/uuid:0cac1b40-5048-11e3-a739-005056827e52  |y Digitalizovaný dokument  |x NDK 
910 |a BOA001  |b 2-0997.278 
962 |a 635.9 
964 |a Trávníky - pěstování - rady - návody 
990 |a BK 
996 7 |b 2610006810  |c 2-0997.278  |l MZK  |r Sklad / do 1 hodiny  |n 4  |p kup  |w 000012432  |u 000010  |a 1  |e BOA001  |j MZK50  |s A 
996 7 |b 2610694961  |c 2-0997.278  |l MZK  |r Sklad / do 1 hodiny  |n 0  |p dar  |w 000012432  |u 000020  |a 1  |e BOA001  |j MZK50  |s A